| 000 | 01084nam a22003137a 4500 | ||
|---|---|---|---|
| 999 |
_c14974 _d14974 |
||
| 003 | EG-ScBUE | ||
| 005 | 20210613112746.0 | ||
| 008 | 110308t2009 enka f b 001 0 eng d | ||
| 020 | _a0077114531 | ||
| 020 | _a9780077114534 | ||
| 040 |
_aEG-ScBUE _beng _erda _cEG-ScBUE _dEG-ScBUE |
||
| 082 | 0 | 4 |
_a338.9 _bCLU _222 |
| 100 |
_922409 _aClunies Ross, Anthony, _d1932- _eauthor. |
||
| 245 |
_aDevelopment Economics / _cAnthony Clunies Ross, David J C Forsyth, Mozammel Huq, University of Strathclyde, Glasgow. |
||
| 264 | 1 |
_aLondon : _bMcGraw-Hill, Higher Education, _c[2009] |
|
| 264 | 4 | _cc2009 | |
| 300 |
_axxv, 773 pages : _billustrations ; _c27 cm |
||
| 336 |
_2rdacontent _atext _btxt |
||
| 337 |
_2rdamedia _aunmediated _bn |
||
| 338 |
_2rdacarrier _avolume _bnc |
||
| 504 | _aIncludes bibliographical references and index. | ||
| 650 | 7 |
_94896 _aDevelopment economics. _2BUEsh |
|
| 651 | _2BUEsh | ||
| 653 |
_bBUSECO _cJune2021 |
||
| 655 |
_vReading book _934232 |
||
| 700 | 1 |
_922407 _aForsyth, David, _eauthor. |
|
| 700 | 1 |
_922408 _aHuq, Mozammel, _eauthor. |
|
| 942 |
_2ddc _cBB |
||